Arrêts des tramways de Saint-Étienne (STAS) - Statistiques

Statistiques générales
  • Ce quiz a été pris 207 fois
    104 depuis la dernière actualisation
  • Le résultat moyen est 39 sur 68
Statistiques - réponses
T1 % Correct
Bellevue
86%
Bellevue
86%
Hôpital Nord
86%
Hôpital Nord
86%
Hôtel de Ville
84%
Hôtel de Ville
84%
Cité du Design
83%
Cité du Design
83%
Centre Deux
81%
Centre Deux
81%
Place Jean Jaurès
79%
Place Jean Jaurès
79%
Solaure
78%
Terrasse
78%
Terrasse
78%
Anatole France
76%
Anatole France
76%
Place Carnot
76%
Place Carnot
76%
Campus Tréfilerie
71%
Campus Tréfilerie
71%
Roger Rocher - Allez les verts
71%
Roger Rocher - Allez les verts
71%
Bicentenaire
62%
Bicentenaire
62%
Geoffroy Guichard - Musée des Verts
60%
Grand Gonnet
59%
Grand Gonnet
59%
Peuple Foy
59%
Peuple Foy
59%
Square Violette
59%
Square Violette
59%
Bourse du Travail
57%
Bourse du Travail
57%
Musée d’Art Moderne
55%
Musée d’Art Moderne
55%
Peuple Gambetta
55%
Peuple Gambetta
55%
Fourneyron
53%
Fourneyron
53%
Jean Moulin
52%
Jean Moulin
52%
Quartier Grouchy
52%
Quartier Grouchy
52%
Soleil
52%
Chaléassière
50%
Lycée Simone Weil
50%
Rue Barra
50%
Lycée Simone Weil
48%
Zénith - Comédie
48%
Dalgabio
45%
Dalgabio
45%
Hôpital Bellevue
45%
Saint-Louis
43%
Saint-Louis
43%
Technopôle - Christian Cabal
43%
Parc - Champirol
41%
Parc - Champirol
41%
Peuple Libération
38%
Peuple Libération
38%
Châteaucreux Gare
33%
Châteaucreux Gare
33%
Cité Agriculture
29%
Cité Agriculture
29%
Colonel Marey
29%
Bardot
28%
Outre-Furan
24%
Paul-Louis Courier
16%
Aucun quiz correspondant
Distribution des résultats
% des personnes avec chaque résultat
Percentile par nombre de réponses
Votre historique - résultats
Vous n’avez pas pris ce quiz depuis la dernière actualisation